00340nam a2200121 4500008004100000100001900041245007700060260000900137300001300146650001200159650001300171773003400184190829b ||||| |||| 00| 0 eng d aKundu, Protiva aDeteriorating quality of education in schools: are teachers responsible? c2019 ap.34-41. aSchools aTeachers aEconomic and Political Weekly